000 00293nam a22001337a 4500
008 180927b xxu||||| |||| 00| 0 eng d
020 _a9781582551678
041 _aeng
080 _a610.73
100 _a1
101 _aINF
245 _aNursing Procedures
_cSchilling,J.A
942 _2udc
_cBK
999 _c48607
_d48607